000 00400nam a2200169Ia 4500
008 230524s9999 xx 000 0 und d
020 _a8188458422
082 _a621.3912
_bSHA
100 _aSanjay Sharma
245 0 _aDigital Signal Processing
250 _a1ST
260 _aNEW DELHI
_bKataria
_c2004
300 _a482
500 _aQuantity Number: 32
650 _aElectronics
942 _cBK
999 _c8383
_d8383